[Event "Challenge"]
[Site "http://www.queenalice.com/game.php?id=1645825"]
[Date "2021.3.6"]
[Round "-"]
[White "Bardam"]
[Black "digger"]
[Result "0-1"]
[WhiteElo "1100"]
[BlackElo "1537"]

1. Nf3 d5 2. d4 Bg4 3. e3 h5 4. Be2 c6 5. Ne5 Bxe2 6. Qxe2 g6 7. O-O Bg7 8. Nf3
Nf6 9. c4 a6 10. Nc3 Ne4 11. cxd5 cxd5 12. Nd2 Nxc3 13. bxc3 Qc7 14. c4 dxc4 15.
Qxc4 Qxc4 16. Nxc4 O-O 17. Ba3 Re8 18. Nb6 Ra7 19. Bc5 a5 20. Na4 Ra6 21. Rfb1
e5 22. Rxb7 exd4 23. exd4 Rae6 24. g3 Nc6 25. d5 Re1+ 26. Rxe1 Rxe1+ 27. Kg2 Ne5
28. Bd4 Nc4 29. Bxg7 Kxg7 0-1

[Event "Challenge"]
[Site "http://www.queenalice.com/game.php?id=1645826"]
[Date "2021.3.6"]
[Round "-"]
[White "Bardam"]
[Black "ootomm"]
[Result "0-1"]
[WhiteElo "1089"]
[BlackElo "1563"]

1. Nf3 d5 2. d4 Nc6 3. a3 Bf5 4. e3 Nf6 5. c4 e6 6. Nc3 Bd6 7. cxd5 exd5 8. Be2
O-O 9. O-O Qd7 10. Bb5 a6 11. Be2 Ne4 12. Nxd5 Bxh2+ 0-1

[Event "Challenge"]
[Site "http://www.queenalice.com/game.php?id=1645876"]
[Date "2021.3.6"]
[Round "-"]
[White "Bardam"]
[Black "roli68"]
[Result "0-1"]
[WhiteElo "1100"]
[BlackElo "1742"]

1. Nf3 f6 2. d4 d5 3. e3 g5 4. h3 Nh6 5. Be2 e6 6. a3 c5 7. c4 Qa5+ 8. Bd2 Qb6
9. Bc3 a5 10. cxd5 exd5 11. dxc5 Qe6 12. Nd4 Qd7 13. Bb5 Nc6 14. O-O Bxc5 15.
Nxc6 bxc6 16. Be2 Rf8 17. Bh5+ Kd8 18. Bf3 Ba6 19. Be2 Bc8 20. Nd2 f5 21. Nf3
Qe7 22. Ne5 Qd6 23. Qa4 Bb7 24. Rfd1 f4 25. Nc4 Qe7 26. Ne5 fxe3 27. f3 Nf5 28.
Nxc6+ Bxc6 29. Qxc6 Rc8 30. Bxa5+ Rc7 31. Rxd5+ Nd6 32. Qa8+ Kd7 33. Qa6 Ke6 34.
Bxc7 Kxd5 0-1

[Event "Challenge"]
[Site "http://www.queenalice.com/game.php?id=1645896"]
[Date "2021.3.7"]
[Round "-"]
[White "naugard47"]
[Black "Bardam"]
[Result "1/2-1/2"]
[WhiteElo "1785"]
[BlackElo "1100"]

1. e4 e6 2. d4 d5 3. e5 c5 4. b3 cxd4 5. Qxd4 Nc6 6. Qg4 Nxe5 7. Qd4 Nc6 8. Qd1
Be7 9. Nf3 Nf6 10. Bd3 O-O 11. O-O Bd7 12. h3 a6 13. Bd2 Rc8 14. Ng5 h6 15. Nf3
Nb4 16. Ne5 Nxd3 17. Nxd3 Bb5 18. Re1 Bxd3 19. cxd3 b5 20. Be3 Nd7 21. Qg4 Nf6
22. Qf3 Qa5 23. Bd2 Bb4 24. Bxb4 Qxb4 25. Rd1 Rc2 26. Qe3 Rfc8 27. Nd2 Qa3 28.
Nf3 Rxa2 29. Rxa2 Qxa2 30. b4 Rc3 31. Rc1 Qb3 32. Rxc3 Qxc3 33. Qd4 Qc7 34. Ne5
Ne8 35. Qe3 Nd6 36. d4 Nf5 37. Qf4 g5 38. Qd2 Kg7 1/2-1/2

[Event "AUTO-OPEN-4263"]
[Site "http://www.queenalice.com/game.php?id=1646016"]
[Date "2021.3.8"]
[Round "1"]
[White "Bardam"]
[Black "juim"]
[Result "0-1"]
[WhiteElo "1100"]
[BlackElo "1557"]

1. Nf3 d5 2. d4 c6 3. e3 e6 4. c4 dxc4 5. Bxc4 Bb4+ 6. Bd2 a5 7. a3 Bd6 8. O-O
Ne7 9. Nc3 O-O 10. Be2 Nf5 0-1

[Event "AUTO-OPEN-4263"]
[Site "http://www.queenalice.com/game.php?id=1646017"]
[Date "2021.3.8"]
[Round "1"]
[White "juim"]
[Black "Bardam"]
[Result "1-0"]
[WhiteElo "1559"]
[BlackElo "1100"]

1. e4 e6 2. d3 d5 3. exd5 exd5 4. Bf4 Nf6 5. Be2 Be7 6. Be5 O-O 7. Nf3 Bg4 8.
O-O Nbd7 9. Nd4 Nxe5 10. f4 Bxe2 11. Qxe2 1-0

[Event "AUTO-OPEN-4263"]
[Site "http://www.queenalice.com/game.php?id=1646019"]
[Date "2021.3.8"]
[Round "1"]
[White "CERVERO"]
[Black "Bardam"]
[Result "1-0"]
[WhiteElo "1790"]
[BlackElo "1089"]

1. d4 d5 2. c4 e6 3. Nf3 Nf6 4. Bg5 Be7 5. Nbd2 a6 6. e3 O-O 7. Be2 c5 8. O-O
cxd4 9. Nxd4 dxc4 10. Nxc4 b5 11. Nd2 Bb7 12. Rc1 h6 13. Bh4 Nd5 14. Bxe7 Qxe7
15. Bf3 Rc8 16. N2b3 Nd7 17. Qd2 N7f6 18. e4 Nb6 19. e5 Ne8 20. Bxb7 Qxb7 21.
Nf3 Qe7 22. Na1 Nd5 23. Nb3 Qd8 24. Rfd1 Rxc1 25. Rxc1 Rc8 26. h3 g6 27. Nh2 Ng7
28. g4 Kh7 29. Nf1 Rxc1 30. Qxc1 1-0

[Event "AUTO-OPEN-4263"]
[Site "http://www.queenalice.com/game.php?id=1646020"]
[Date "2021.3.8"]
[Round "1"]
[White "Bardam"]
[Black "yasseryack"]
[Result "0-1"]
[WhiteElo "1089"]
[BlackElo "1892"]

1. Nf3 c5 2. c4 Nc6 3. e4 b6 4. d3 Bb7 5. Be2 g6 6. Bd2 Bg7 7. Bc3 Nd4 8. O-O
Nxe2+ 9. Qxe2 f6 10. Nbd2 Nh6 11. h3 O-O 12. Nh2 e5 13. f4 exf4 0-1

[Event "AUTO-OPEN-4263"]
[Site "http://www.queenalice.com/game.php?id=1646021"]
[Date "2021.3.8"]
[Round "1"]
[White "yasseryack"]
[Black "Bardam"]
[Result "1-0"]
[WhiteElo "1894"]
[BlackElo "1089"]

1. f4 d5 2. d3 Nf6 3. g3 Bf5 4. Bg2 c6 5. Nf3 h6 6. O-O e6 7. c3 Be7 8. Be3 O-O
9. Bd4 Nbd7 10. Nbd2 c5 11. Bxf6 Nxf6 12. Ne5 Ng4 13. Nxg4 Bxg4 14. Rf2 1-0

[Event "AUTO-OPEN-4264"]
[Site "http://www.queenalice.com/game.php?id=1646351"]
[Date "2021.3.11"]
[Round "1"]
[White "Bardam"]
[Black "clovis"]
[Result "0-1"]
[WhiteElo "1100"]
[BlackElo "2024"]

1. Nf3 d5 2. d4 Nf6 3. e3 Bf5 4. c4 e6 5. cxd5 exd5 6. a3 Bd6 7. Be2 O-O 8. O-O
Nbd7 9. Nc3 Re8 10. Qb3 Ne4 11. Qxd5 Nxc3 12. bxc3 Be4 13. Qa2 Qf6 14. Bb2 Qh6
15. g3 Qh5 16. Rae1 Bxf3 0-1

[Event "AUTO-OPEN-4264"]
[Site "http://www.queenalice.com/game.php?id=1646352"]
[Date "2021.3.11"]
[Round "1"]
[White "clovis"]
[Black "Bardam"]
[Result "1-0"]
[WhiteElo "2028"]
[BlackElo "1100"]

1. e4 e6 2. d4 d5 3. exd5 exd5 4. Nf3 Be7 5. Bd3 Bg4 6. O-O Nf6 7. Re1 O-O 8. c4
c6 9. Nc3 dxc4 10. Bxc4 Bxf3 11. Qxf3 Nbd7 12. Bg5 b5 13. Bb3 a5 14. a3 a4 15.
Bc2 Re8 16. Qh3 h6 17. Bxh6 g6 18. Bg5 Bf8 19. Qh4 1-0

[Event "AUTO-OPEN-4264"]
[Site "http://www.queenalice.com/game.php?id=1646353"]
[Date "2021.3.11"]
[Round "1"]
[White "Bardam"]
[Black "Fauquinelle"]
[Result "0-1"]
[WhiteElo "1100"]
[BlackElo "1947"]

1. Nf3 c5 2. c4 Nf6 3. Nc3 b6 4. e4 d6 5. d3 Nc6 6. a3 Bg4 7. Be2 g6 8. h3 Bd7
9. O-O Bg7 10. Bd2 O-O 11. Qc1 a6 12. Na2 Ne8 13. Bc3 e5 14. b4 Nd4 15. Nxd4
exd4 16. Bd2 Bf6 17. f4 Ng7 18. Bf3 Rb8 19. Kh2 Qc7 20. Re1 b5 21. e5 dxe5 0-1

[Event "AUTO-OPEN-4264"]
[Site "http://www.queenalice.com/game.php?id=1646354"]
[Date "2021.3.11"]
[Round "1"]
[White "Fauquinelle"]
[Black "Bardam"]
[Result "1-0"]
[WhiteElo "1945"]
[BlackElo "1100"]

1. e4 e6 2. d4 d5 3. Nd2 dxe4 4. Nxe4 Be7 5. Nf3 Nf6 6. Bd3 Nbd7 7. O-O Nxe4 8.
Bxe4 Nf6 9. Bd3 b6 10. Bb5+ Bd7 11. Qd3 O-O 12. Bxd7 Qxd7 13. c3 c5 14. Qe3 cxd4
15. Nxd4 Nd5 16. Qg3 Bd6 17. Qg4 Nf6 18. Qe2 Qc7 19. Nf3 Rfd8 20. Bg5 Be7 21.
Rad1 h6 22. Bh4 1-0